|
|
|
|
| LEADER |
00000cas a2200000 a 4500 |
| 001 |
vtls010301281 |
| 003 |
SK-MaSNL |
| 005 |
20260228161917.0 |
| 008 |
110810d19531958xo sr|p 0 b0slo |
| 040 |
|
|
|a SNK
|b slo
|c SNK
|e AACR2
|
| 041 |
0 |
|
|a slo
|
| 044 |
|
|
|a xo
|c SK
|
| 072 |
|
7 |
|a 669
|x Metalurgia
|2 konspekt
|
| 072 |
|
7 |
|a 622
|x Baníctvo
|2 konspekt
|
| 080 |
|
|
|a 669
|2 2001
|
| 080 |
|
|
|a 050
|2 2001
|
| 080 |
|
|
|a 622.012.2
|2 2001
|
| 245 |
0 |
0 |
|a Hlas magnezitu
|b časopis zamestnancov magnezitových hutí a baní
|
| 260 |
|
|
|a Lubeník
|b ZO KSS, ZR ROH, ZS ČSM a vedenie podniku MHB
|c 1953-1958
|
| 300 |
|
|
|a 6 zv.
|c 30-42 cm
|
| 310 |
|
|
|a 2x mesačne
|b 2/1953-2/1958
|
| 321 |
|
|
|a 1x mesačne
|b 1/1953
|
| 362 |
0 |
|
|a Roč. I, č. 1 (1. máj 1953)-roč. VI, č. 2 (30. jan. 1958)
|
| 500 |
|
|
|a V tiráži zmena podnázvu od č. 19/1957: časopis zamestnancov Magnezitových hút a baní
|
| 500 |
|
|
|a Redaktori sa menia
|
| 500 |
|
|
|a Od č. 3/1956 rozmer zv. 42 cm
|
| 650 |
0 |
7 |
|a metalurgia
|2 SNKPH
|9 941
|
| 650 |
0 |
7 |
|a bane
|2 SNKPH
|9 27434
|
| 655 |
|
7 |
|a podnikové periodiká
|2 SNKPH
|9 132333
|
| 785 |
0 |
0 |
|t Magnezit
|w vtls010299760
|
| 910 |
|
|
|a snk
|
| 916 |
|
|
|a 1953-1958
|
| 958 |
|
|
|a OND
|
| 999 |
|
|
|c 6183
|d 8113
|
| 952 |
|
|
|0 0
|1 0
|4 0
|7 0
|a SNK
|b SNK
|d 2015-02-24
|f 1
|i snkII. 597/54
|l 0
|o snkČSB 813/1/1953
|p 17A0740727
|r 2026-02-21 21:04:43
|t č. 1-11
|w 2026-02-21
|y PREZ
|
| 952 |
|
|
|0 0
|1 0
|4 0
|7 0
|a SNK
|b SNK
|d 2015-02-24
|f 1
|i snkII. 1008/55
|l 0
|o snkČSB 813/2/1954
|p 17A0740929
|r 2026-02-21 21:04:43
|t č. 1-13
|w 2026-02-21
|y PREZ
|
| 952 |
|
|
|0 0
|1 0
|4 0
|7 0
|a SNK
|b SNK
|d 2015-02-24
|f 1
|i snkČSP 28/56
|l 0
|o snkČSB 813/3/1955
|p 17A0740725
|r 2026-02-21 21:04:44
|t č. 1-12
|w 2026-02-21
|y PREZ
|
| 952 |
|
|
|0 0
|1 0
|4 0
|7 0
|a SNK
|b SNK
|d 2015-02-24
|f 1
|i snkČSP 449/57
|l 0
|o snkČSB 813/4/1956
|p 17A0740729
|r 2026-02-21 21:04:44
|t č. 1-25, neúplné
|w 2026-02-21
|y PREZ
|z chýba č. 18
|
| 952 |
|
|
|0 0
|1 0
|4 0
|7 0
|a SNK
|b SNK
|d 2015-02-24
|f 1
|i snkČSP 157/58
|l 0
|o snkČSB 813/5/1957
|p 17A0740730
|r 2026-02-21 21:04:44
|t č. 1-20
|w 2026-02-21
|y PREZ
|
| 952 |
|
|
|0 0
|1 0
|4 0
|7 0
|a SNK
|b SNK
|d 2015-02-24
|f 1
|i snkČSP 167/59
|l 0
|o snkČSB 813/6/1958
|p 17A0740983
|r 2026-02-21 21:04:44
|t č. 1-2
|w 2026-02-21
|y PREZ
|